[Event "Foment Martinenc op-C 23rd"]
[Site "Barcelona"]
[Date "2023.06.10"]
[Round "8"]
[White "Baroni, Simone"]
[Black "Bru Tena, Samuel"]
[Result "1-0"]
[WhiteElo "1700"]
[BlackElo "1349"]
[PlyCount "113"]
[EventDate "2023.04.22"]
[EventType "swiss"]
[EventRounds "9"]
[EventCountry "ESP"]
[SourceTitle "EXT 2024"]
[Source "ChessBase"]
[SourceDate "2023.10.10"]
[SourceVersion "1"]
[SourceVersionDate "2023.10.10"]
[SourceQuality "1"]

1. d4 d5 2. Bf4 Nf6 3. e3 c5 4. c3 e6 5. Nf3 Bd6 6. Bg3 Nc6 7. Nbd2 0-0 8. Bd3 Re8 9. Ne5 Qc7 10. f4 Qb6 11. b3 Qa5 12. Qc2 g6 13. 0-0 Re7 14. Bxg6 fxg6 15. Nxg6 hxg6 16. Qxg6+ Rg7 17. Qxf6 Qxc3 18. Nf3 Qxe3+ 19. Kh1 Bd7 20. Rae1 Qd3 21. Ng5 Rf8 22. Qh6 Qg6 23. Qxg6 Rxg6 24. h4 Rgf6 25. dxc5 Bxf4 26. Bxf4 Rxf4 27. Rxf4 Rxf4 28. Nxe6 Re4 29. Rxe4 dxe4 30. Nf4 e3 31. Kg1 Bg4 32. Kf1 Nd4 33. Nd3 e2+ 34. Ke1 Nc2+ 35. Kd2 e1Q+ 36. Nxe1 Nxe1 37. Kxe1 Kf7 38. Kf2 Ke6 39. Kg3 Bh5 40. Kf4 Kf6 41. g4 Bf7 42. g5+ Kg6 43. Ke5 Kh5 44. Kd6 Bg6 45. Kc7 Be4 46. b4 Kxh4 47. g6 Bd5 48. a4 Kg5 49. b5 Bc4 50. Kxb7 Kxg6 51. c6 Bd5 52. Kxa7 Kf7 53. Kb7 Ke7 54. Kc7 Bb3 55. b6 Bxa4 56. b7 Bxc6 57. Kxc6 1-0

[Event "Foment Martinenc op-C 23rd"]
[Site "Barcelona"]
[Date "2023.05.27"]
[Round "6"]
[White "Espadero Roda, Francesc"]
[Black "Bru Tena, Samuel"]
[Result "0-1"]
[WhiteElo "1289"]
[BlackElo "1349"]
[PlyCount "84"]
[EventDate "2023.04.22"]
[EventType "swiss"]
[EventRounds "9"]
[EventCountry "ESP"]
[SourceTitle "EXT 2024"]
[Source "ChessBase"]
[SourceDate "2023.10.10"]
[SourceVersion "1"]
[SourceVersionDate "2023.10.10"]
[SourceQuality "1"]

1. d4 d5 2. Nf3 e6 3. Bf4 c6 4. Nbd2 Nd7 5. e3 Ngf6 6. h3 Be7 7. c4 b6 8. cxd5 cxd5 9. Bb5 a6 10. Bc6 Ra7 11. Bb8 Bb7 12. Ne5 Bxc6 13. Bxa7 Nxe5 14. dxe5 Nd7 15. Qc2 Nc5 16. b4 Ba4 17. Nb3 Nxb3 18. axb3 Bxb4+ 19. Ke2 Bb5+ 20. Kf3 Bc5 21. b4 Bxb4 22. Bxb6 Qxb6 23. Qc8+ Qd8 24. Rhc1 0-0 25. Qb7 Qb8 26. Qxb8 Rxb8 27. Rc7 Ra8 28. Rac1 h6 29. Rc8+ Rxc8 30. Rxc8+ Kh7 31. Rc7 Kg6 32. g4 a5 33. h4 f5 34. h5+ Kh7 35. gxf5 exf5 36. Kf4 Bd3 37. e6 Bd6+ 38. Kf3 Bxc7 39. e4 dxe4+ 40. Ke3 Bc4 41. e7 Bb5 42. Kd4 Bd6 0-1